000
00300nam a2200133Ia 4500
008
150301s2015 xx 000 0 und d
082
_a
615.34
_b
P12A
100
_a
MOHAMED ALI
245
_a
TB OF PHARMACOGNOSY
260
_b
CBS- DELHI
300
_a
514
650
_a
PHARMACEUTICS
942
_2
ddc
_c
BK
999
_c
7177
_d
7177